Crisis del café, trayectorias laborales y ciudadanía en San Juan Alotenango /
Guardat en:
| Autor principal: | |
|---|---|
| Altres autors: | , |
| Format: | Text |
| Matèries: | |
| Etiquetes: |
Afegir etiqueta
Sense etiquetes, Sigues el primer a etiquetar aquest registre!
|
MARC
| LEADER | 00000 a a2200000 04500 | ||
|---|---|---|---|
| 001 | 43449 | ||
| 003 | |||
| 040 | |||
| 100 | |a Castillo, Roberto | ||
| 245 | |a Crisis del café, trayectorias laborales y ciudadanía en San Juan Alotenango / |c Roberto Castillo; Ricardo Sáenz de Tejada; Brenda Solís | ||
| 500 | |a También en Informe final crisis del café, trayectorias laborales y ciudadanía en San Juan Aloteango | ||
| 650 | |a NACIONALIDAD | ||
| 650 | |a PRACTICAS COMERCIALES RESTRICTIVAS | ||
| 650 | |a EXPORTACIONES | ||
| 650 | |a CAFE | ||
| 650 | |a RECESION ECONOMICA | ||
| 650 | |a ESTRUCTURA DEL EMPLEO | ||
| 650 | |a NACIONALIDAD | ||
| 650 | |a EXPORTACIONES | ||
| 650 | |a CAFE | ||
| 650 | |a RECESION ECONOMICA | ||
| 650 | |a ESTRUCTURA DEL EMPLEO | ||
| 650 | |a ANALISIS HISTORICO | ||
| 650 | |a DESARROLLO | ||
| 650 | |a SOCIAL Y ECONOMICO | ||
| 650 | |a USO DE LA TIERRA | ||
| 650 | |a GRUPOS ETNICOS | ||
| 650 | |a USO DE LA TIERRA | ||
| 650 | |a EMPLEO RURAL | ||
| 650 | |a GENERACION DE INGRESOS | ||
| 650 | |a ESTADISTICAS DE LA EDUCACION | ||
| 700 | |a Sáenz de Tejada, Ricardo | ||
| 700 | |a Solís, Brenda | ||
| 773 | |g páginas 57-98 | ||
| 999 | |c 19662 |d 19662 | ||
